000 00704nam a2200253Ia 4500
003 OSt
005 20220918223522.0
006 a|||||r|||| 00| 0
007 ta
008 220917b |||||||| |||| 00| 0 eng d
024 _a223,124
037 _cTextual
040 _aARTS
_cARTS
_beng
041 _2eng
_aeng
082 _aO111,1xM82:g, P2
100 _aSeidel Michael
_915438
245 0 _aJames Joyce
_b A short introduction
260 _aU.K.
_bBlackwell pub.
_c2002
300 _aix, 162p
_ccm.
490 _aBlackwell introduction to literature
650 _aENGLISH LITERATURE
942 _hO111,1xM82:g, P2
_cTEXL
_2CC
999 _c278685
_d278685